円高がわが国輸出に考える影響

Wedi'i Gadw mewn:
Manylion Llyfryddiaeth
Awdur Corfforaethol: 日本貿易振興会海外経済情報センター
Fformat: Llyfr
Iaith:Undetermined
Cyhoeddwyd: 「東京」 日本貿易振興会 1977
Pynciau:
Tagiau: Ychwanegu Tag
Dim Tagiau, Byddwch y cyntaf i dagio'r cofnod hwn!
Thư viện lưu trữ: Trung tâm Học liệu Trường Đại học Cần Thơ
LEADER 00598nam a2200193Ia 4500
001 CTU_85141
008 210402s9999 xx 000 0 und d
082 |a 332.4 
082 |b N691 
110 |a 日本貿易振興会海外経済情報センター 
245 0 |a 円高がわが国輸出に考える影響 
245 0 |c 日本貿易振興会海外経済情報センター 
260 |a 「東京」 
260 |b 日本貿易振興会 
260 |c 1977 
650 |a Money,Japanese finance 
650 |z Japan 
904 |i Ngoc 
980 |a Trung tâm Học liệu Trường Đại học Cần Thơ